000 00685nam a22001937a 4500
005 20100805110042.0
010 _aENG-98346
020 _a9788190887557
_c120.00
035 _aEN-81879
037 _bDBAD/PUB
082 _a628.5
100 _aSathyamurthy, V.R.
_96453
245 _aEnvironmental pollution /
_cby V. R. Sathyamurthy
260 _aErode
_bKongunadu Literature
_c2009
270 _a93, E. K. Valasu, Chinnamuthu Main street
_bErode
_e638011
300 _a110.p.
_c21cm (pbk)
942 _2ddc
_cEN
_h628.5
_mSAT
999 _c39355
_d39355